Investigación de mercados: para una mejor toma de decisiones (Registro nro. 3743)
[ vista simple ]
| 000 -Cabecera | |
|---|---|
| Campo de control de longitud fija | 00765aam a2200301 4500 |
| 005 - Fecha y hora de la última transacción | |
| Campo de control | 20240315123034.0 |
| 008 - Elementos de longitud fija--Información general | |
| Campo de control de longitud fija | 150306b xxu||||| |||| 00| 0 spa d |
| 020 ## - International Standard Book Number | |
| Número Internacional Estándar del Libro (ISBN) | 9789587620634 |
| 041 ## - Idioma | |
| Código de idioma | Español |
| 082 ## - Clasificación Decimal Dewey | |
| Número de clasificación | 658.83 C422i |
| 100 ## - Entrada principal--Autor personal | |
| Nombre personal | Céspedes Sáenz, Alberto |
| 9 (RLIN) | 15864 |
| 245 ## - Título propiamente dicho | |
| Título | Investigación de mercados: para una mejor toma de decisiones |
| 260 ## - Pie de imprenta | |
| Lugar de publicación, distribución, etc. | Colombia |
| 260 ## - Pie de imprenta | |
| Nombre del editor, distribuidor, etc. | Ediciones de la U |
| 260 ## - Pie de imprenta | |
| Fecha de publicación, distribución, etc. | 2012 |
| 300 ## - Descripción física | |
| Extensión | 211 páginas |
| 650 ## - Materia general | |
| Temática (materia general) | INVESTIGACIÓN DE MERCADOS |
| 650 ## - Materia general | |
| Temática (materia general) | MERCADEO |
| 650 ## - Materia general | |
| Temática (materia general) | ESTADÍSTICA Y MUESTREO |
| 650 ## - Materia general | |
| Temática (materia general) | GESTIÓN |
| 650 ## - Materia general | |
| Temática (materia general) | SEGMENTACIÓN DE MERCADOS |
| 650 ## - Materia general | |
| Temática (materia general) | CUESTIONARIOS |
| 650 ## - Materia general | |
| Temática (materia general) | ENTREVISTAS |
| 942 ## - Punto de acceso adicional KOHA | |
| Tipo de ítem KOHA | Libro |
| Fuente del sistema de clasificación o colocación | Dewey Decimal Classification |
| Signatura completa | Código de barras | Programa Académico | Tipo de ítem |
|---|---|---|---|
| 658.83 C422i | 18840 | Libro |